000 00291nam a22001337a 4500
008 170921b xxu||||| |||| 00| 0 eng d
020 _a2900393978796
041 _aeng
080 _a78
100 _a45
101 _aMUZ
245 _aTHE ENJOYMENT OF MUSIC
_cMACHLIS, J
942 _2udc
_cBK
999 _c28719
_d28719